000 00625nam a2200181 i 4500
001 77102
003 ES-MaACL
005 20250929063131.0
007 t|
008 041006s1973 sp |||| | spa d
100 1 _aGuzmán, Manuel de,
_d1916-
_961296
245 1 0 _aCómo se han formado los maestros
_b: 1871 a 1971 : cien años de disposiciones oficiales /
_cManuel de Guzmán.
260 _a[Barcelona] :
_bPrima Luce,
_c[1973]
300 _a364 p. ;
_c22 cm.
650 4 _aProfesores de enseñanza primaria-
_xFormación profesional-
_zEspaña.
_9151759
852 _aES-MaACL
_jC-55607
999 _c77102
_d77102